Nuevas tendencias curriculares en educación especial
Gorde:
| Egile Nagusiak: | , , , , |
|---|---|
| Formatua: | Liburua |
| Hizkuntza: | gaztelania |
| Argitaratua: |
Santiago
CPEIP
1991
|
| Edizioa: | 3a. ed |
| Gaiak: | |
| Etiketak: |
Etiketa erantsi
Etiketarik gabe, Izan zaitez lehena erregistro honi etiketa jartzen!
|
MARC
| LEADER | 00000nam a2200000 a 4500 | ||
|---|---|---|---|
| 001 | UCG1353 | ||
| 003 | CL-VaPUC | ||
| 008 | 100429e19910000CL |||||||||||||||||spa|d | ||
| 082 | 0 | 4 | |a 375.05071 |b PEÑ |2 21 |
| 100 | 0 | |a Peña Yáñez, Adriana |e author |9 549260 | |
| 700 | 0 | |a Peña Ferraro, Manuel |e author |9 549261 | |
| 700 | 0 | |a Undurraga Morel, Cecilia |e author |9 549262 | |
| 700 | 0 | |a Domínguez, Paulina |e author |9 549263 | |
| 700 | 0 | |a Pinto Guevara, Arturo |e author |9 549264 | |
| 245 | 1 | 0 | |a Nuevas tendencias curriculares en educación especial |
| 250 | |a 3a. ed | ||
| 300 | |a 148 p | ||
| 942 | |c BK | ||
| 945 | |d 20100429 00:00:00 |a dcastane | ||
| 260 | |a Santiago |b CPEIP |c 1991 | ||
| 600 | 0 | 7 | |a CPEIP CENTRO DE PERFECCIONAMIENTO EXPERIMENTACION E INVESTIGACIONES PEDAGOGICAS |2 CL-VaPUC |9 549265 |
| 650 | 0 | |a Innovaciones pedagógicas |9 307471 | |
| 650 | 0 | |a Formación profesional de profesores |9 307493 | |
| 650 | 0 | |a Curriculos |9 343652 | |
| 650 | 0 | |a Educación especial |9 307486 | |
| 583 | |a last modification |c 20100429 00:00:00 |k Rodrigo Vera | ||
| 999 | |c 340757 |d 340755 | ||
| 952 | |0 0 |1 0 |4 0 |6 375_050710000000000_PEÑ_1991 |7 0 |8 P |9 435750 |a BIBEDU |b BIBEDU |c BIBEDU_PB |d 2019-11-22 |i 4666720 |o 375.05071 PEÑ 1991 |p 4666720 |r 2024-01-25 |w 2019-11-22 |y BK |k EDI | ||